[Event "Romanian Team Rapid Open 2022"]
[Site "Sebes"]
[Date "2022.12.03"]
[Round "8.12"]
[White "Talu, Mircea"]
[Black "Bulau, Andrei-Cristian"]
[Result "1-0"]
[WhiteElo "2327"]
[BlackElo "2154"]
[Annotator "TA"]
[PlyCount "79"]
[EventDate "2022.12.03"]
[EventType "rapid"]
[EventCountry "ROU"]
[SourceTitle "playchess.com"]
[Source "ChessBase"]
[SourceQuality "1"]

{[%evp 11,78,7,10,3,5,5,6,-2,29,30,22,35,35,35,34,34,55,28,84,64,82,36,30,28,56,50,39,31,82,77,174,176,162,160,159,170,288,295,295,289,287,287,377,382,403,384,431,361,407,422,423,405,401,367,360,360,29988,29989,29989,29990,29990,1127,29987,517,29990,12805,29998,29999,29999]} 1. Nf3 d5 2. b3 Nf6 3. Bb2 e6 4. e3 Be7 5. c4 O-O 6. Be2 Nbd7 7. O-O {A13: English Opening: 1...e6.} b6 8. cxd5 exd5 9. Nd4 {The position is equal.} Bb7 {Prevents Nc6.} 10. Nf5 Re8 11. Nxe7+ Qxe7 {[#]} 12. d4 $146 ({Predecessor:} 12. Nc3 a6 13. Rc1 c5 14. d4 Rac8 15. Bf3 Qe6 16. Na4 Ne4 17. dxc5 bxc5 18. Qd3 {1-0 (36) Malcanek,J (2030)-Uhmann,J (2085) Czech Republic 2015}) 12... Ne4 13. Nd2 f5 14. Rc1 (14. Nxe4 {simplifies} fxe4 15. a4 a5 16. Ba3) 14... c5 (14... c6 $11 {keeps the balance.}) 15. Bd3 Rac8 16. f3 (16. Nxe4 $16 fxe4 17. Bb5) 16... Nd6 $14 17. Re1 Qf7 18. dxc5 bxc5 19. Nf1 Ne5 (19... h5 $14) 20. Bb1 $16 {A strong pair of Bishops. White leaves nothing to chance now.} Qg6 {[#]} (20... Nd7 $16) 21. Bxe5 $1 $18 Rxe5 {[#]} 22. Rxc5 $3 {[%mdl 512]} Rxc5 23. Qd4 $1 {[%csl LRc5,LRe5]} Rxe3 (23... Rc8 $142 24. Qxe5 Kf7) 24. Nxe3 Rc8 25. Nxd5 Bxd5 26. Qxd5+ Nf7 27. Qxf5 ({Resist} 27. Bxf5 Qb6+ 28. Kf1 Qa6+ 29. Bd3 Qf6 $18) 27... Qb6+ 28. Kh1 Rd8 29. Qxh7+ Kf8 30. Qe4 {Threatening mate with Qe7+.} Qf6 {Against Qe7+} 31. Bd3 Nd6 32. Qc6 Qd4 33. Qc7 Rc8 (33... Re8 $18 34. Rxe8+ Nxe8) 34. Qe7+ Kg8 35. Qe6+ Kf8 36. Bg6 (36. Bh7 $142 Ne4 37. Qxc8+ Kf7 38. Qg8+ Kf6 39. Qf8+ (39. Rxe4 $2 {is a self mate.} Qd1+) 39... Ke6 40. Bf5+ Kd5 41. Bxe4+ Ke6 42. Ba8+ Qe5 43. Qe8+ Kf6 44. Rxe5 g5 45. Qe7+ Kg6 46. Rxg5+ Kh6 47. Qg7#) 36... Rb8 37. h3 (37. Bh7 $142 Ne4 38. Qg8+ Ke7 39. Qxb8 Kf7 40. Qg8+ (40. Rxe4 $2 {gets mated.} Qd1+) 40... Ke7 41. Rxe4+ Qxe4 42. fxe4) 37... a5 (37... Qf6 $18 38. Qg4 Nf7) 38. Re5 (38. Bh7 $142 Ne4 39. Rxe4 Qxe4 40. fxe4 g6 41. Qg8+ Ke7 42. Qxb8 Kd7 43. Bxg6) 38... Qd2 {[#]} 39. Rf5+ $1 Nxf5 40. Qf7# {Weighted Error Value: White=0.24 (precise) /Black=0.86} 1-0

[Event "Romanian Team Rapid Open 2022"]
[Site "Sebes"]
[Date "2022.12.03"]
[Round "8.14"]
[White "Ileana, George"]
[Black "Nevednichy, Vladislav"]
[Result "1/2-1/2"]
[WhiteElo "2343"]
[BlackElo "2499"]
[Annotator "TA"]
[PlyCount "120"]
[EventDate "2022.12.03"]
[EventType "rapid"]
[EventCountry "ROU"]
[SourceTitle "playchess.com"]
[Source "ChessBase"]
[SourceQuality "1"]

{[%evp 19,120,15,12,12,15,13,8,14,13,12,8,8,13,4,28,10,10,12,20,11,63,24,52,57,51,31,28,18,22,8,6,8,14,11,12,0,45,24,37,16,25,9,46,8,12,0,8,0,0,0,4,4,32,8,59,0,0,0,25,0,0,0,0,0,0,0,0,0,0,0,12,34,56,0,0,0,0,-525,0,0,0,0,0,0,0,0,0,0,0,0,0,0,0,0,0,-29973,0,0,0,0,0,0,0]} 1. e4 c5 2. Nf3 Nc6 3. d4 cxd4 4. Nxd4 Nf6 5. Nc3 d6 6. Be2 g6 7. O-O Bg7 8. Be3 O-O 9. h3 d5 10. exd5 Nxd5 11. Nxd5 {Threatens to win with Nxc6. B73: Sicilian Dragon: Classical System without 9 Nb3.} Nxd4 {has lost popularity (11...Qxd5).} 12. Bxd4 Qxd5 13. Bxg7 Qxd1 14. Raxd1 Kxg7 15. Bf3 Rb8 16. Rfe1 {[#]} Be6 $146 ({Predecessor:} 16... Kf6 17. Rd4 Be6 18. a4 Rfc8 19. c3 b6 20. Red1 Rc5 21. R1d2 Rbc8 22. h4 Re5 {1-0 (50) Stanisz,P (2199)-Bas Mas,J (2241) Chess.com INT 2022}) 17. Bd5 Bxd5 18. Rxd5 $11 {[%mdl 4096] Endgame KRR-KRR} e6 19. Rd7 Kf6 ({Better is} 19... Rfd8 $11 20. Red1 Rxd7 21. Rxd7 a5) 20. Red1 {White is much more active.} Rfc8 21. c3 g5 22. R1d4 a5 23. f4 h6 24. fxg5+ hxg5 25. h4 gxh4 26. Rf4+ Ke5 27. Rdxf7 Rh8 (27... Rc7 $5) 28. Rf3 b5 29. Re3+ Kd6 30. Rf4 Rh5 (30... e5 $5 {[%cal Re5f4]} 31. Rfe4 Rh5 $11) 31. Kh2 b4 32. c4 Rg8 33. Rd4+ Kc5 34. Rde4 Rg6 35. b3 Kd6 36. Re2 a4 (36... e5 $11) 37. Rd4+ (37. c5+ $14 Kxc5 38. bxa4 (38. Rxe6 Rxe6 39. Rxe6 Rd5 $17)) 37... Kc5 38. Rd8 a3 39. Rb8 Kd4 40. Rxb4 Kd3 $1 41. Rf2 e5 {[%cal Oh4h3] ...h3! is the strong threat.} 42. Rb5 {Against h3} Rhg5 43. Rd5+ Ke3 $1 44. Rdd2 e4 45. Rfe2+ Kf4 46. Rd4 (46. Rd7 $14) 46... Re5 $1 47. b4 h3 48. Rd8 $2 {[%mdl 8192] [#]} (48. gxh3 $2 {perishes.} Kf3 49. Rc2 e3 $19) (48. Kg1 $11) 48... Rxg2+ $2 ({Black should try} 48... e3 $1 $19 49. Rf8+ (49. gxh3 $2 {loses.} Kf3 $19) 49... Ke4 50. gxh3 Kd3) 49. Rxg2 hxg2 50. Kxg2 $19 {KR-KR} e3 51. Kf1 Rh5 {White must now prevent ...Rh1+.} 52. Rf8+ Ke4 {Hoping for ...Rh1+.} 53. Re8+ Kd3 (53... Kf3 $5 54. Rf8+ $8 Ke4 $11) 54. Rd8+ Kxc4 {[%cal Oh5h2] And now ...Rh2! would win.} 55. Ke2 Rh2+ 56. Kxe3 Rxa2 {[%cal Oa2a1]} 57. b5 $2 {[%mdl 8192] [#]} (57. Ra8 $11) 57... Rb2 $2 ({Not} 57... Kxb5 58. Kd3 $11) (57... Ra1 $1 {mates} 58. Rc8+ Kxb5 59. Rc2 a2 60. Re2 Kb4 61. Ke4 Kc4 62. Rc2+ Kb3 63. Rc8 Re1+ 64. Kf3 a1=Q 65. Rb8+ Kc3 66. Rc8+ Kd4 67. Rd8+ Kc5 68. Rc8+ Kd6 69. Rd8+ Ke7 70. Rd5 Qc3+ 71. Kg4 Qe3 72. Rh5 Qe4+ 73. Kh3 Rg1 74. Re5+ Qxe5 75. Kh4 Qh8#) 58. Ra8 $11 {The position is equal.} a2 59. b6 Rxb6 {( -> ...Kb3)} 60. Rxa2 Re6+ {Weighted Error Value: White=0.34/Black=0.30} 1/2-1/2

[Event "Romanian Team Rapid Open 2022"]
[Site "Sebes"]
[Date "2022.12.03"]
[Round "8.15"]
[White "Stoleriu, George"]
[Black "Tampea, Radu"]
[Result "1-0"]
[WhiteElo "2389"]
[BlackElo "2110"]
[Annotator "TA"]
[PlyCount "97"]
[EventDate "2022.12.03"]
[EventType "rapid"]
[EventCountry "ROU"]
[SourceTitle "playchess.com"]
[Source "ChessBase"]
[SourceQuality "1"]

{[%evp 9,97,-8,0,-22,-29,-22,-16,-13,-9,-30,-23,-19,-21,-22,-1,-94,-31,-114,-50,-65,-55,-53,-42,-57,-65,-47,-2,-7,29,14,5,-50,-9,-13,-21,-8,-13,-21,-6,-14,0,-23,9,9,80,26,208,156,165,127,125,59,72,66,68,77,90,67,84,77,85,98,195,187,237,218,248,243,254,135,107,59,60,78,93,35,30,8,17,14,66,65,58,0,8,8,8,8,768,744]} 1. e4 c5 2. Nc3 Nc6 3. Bb5 Nd4 4. Bc4 a6 5. d3 e6 6. Nge2 {B23: Closed Sicilian: Lines without g3.} b5 7. Bb3 Nc6 8. O-O {The position is equal.} Nf6 9. Ng3 Be7 {[#]} 10. Nce2 $146 ({Predecessor:} 10. Re1 d6 11. Nce2 Na5 12. Nf4 O-O 13. c3 Nxb3 14. axb3 Bb7 15. Be3 a5 16. Nfh5 Nxh5 17. Nxh5 {½-½ (25) De Oliveira,M (2476)-Daubenfeld,N (2536) ICCF email 2015}) 10... d5 11. c3 Bb7 12. Bf4 (12. exd5 $11 {remains equal.} Nxd5 13. Nf4) 12... dxe4 (12... h5 $1 $17 {Hoping for ...h4.} 13. h4 dxe4 14. Nxe4 Nxe4 15. dxe4 Bxh4) 13. dxe4 (13. Nxe4 $15 O-O 14. Nxf6+ Bxf6 15. Be3) 13... Qxd1 (13... h5 $17 {aiming for ...h4.} 14. h4 Ng4) 14. Raxd1 c4 15. Bc2 h5 {[%cal Bh7h5,Bh5h4][%mdl 32]} 16. Rfe1 h4 17. Nf1 {[%cal Bg3f1,Bf1h2,Bh2g4][%mdl 32]} Bc5 18. h3 $1 {Inhibits Ng4.} Ke7 19. Nh2 Nd7 20. Nc1 (20. Ng4 $11) 20... e5 21. Bd2 {[%cal Bf4d2,Bd2e3,Be3g5][%mdl 32]} f6 22. Ng4 Rad8 23. b4 Bb6 (23... Ba7 {with more complications.} 24. Be3 Ke6 25. a4 Nb6) 24. a4 (24. Ne2 {simplifies} Kf7 25. a4 Ne7 26. a5) 24... Ke6 25. Ne3 Bxe3 26. Bxe3 g6 (26... Ndb8 $11) 27. Ne2 {White is more active.} (27. axb5 $16 axb5 28. Rd5) 27... f5 $2 (27... Ndb8 $11) 28. Bg5 Nf6 29. exf5+ gxf5 30. Nf4+ (30. Rxd8 $16 Rxd8 31. f3 (31. Bxh4 Rd2 $16)) 30... Kf7 $14 31. Bxf6 {Really sharp!} (31. axb5 {simplifies} axb5 32. Bxf6 Kxf6 33. Nd5+) 31... Kxf6 ({Less strong is} 31... Rxd1 32. Rxd1 Kxf6 33. Nd5+ Kg5 34. Nc7 $16) 32. Nd5+ Kg5 33. axb5 axb5 34. Nc7 Rxd1 35. Rxd1 Ne7 (35... Na7 $16) 36. Rd7 $18 ({But not} 36. Nxb5 $6 Nd5 $14) 36... Kf6 (36... Ng6 {was worth a try.}) 37. Nxb5 Bc6 38. Rd6+ Kf7 39. Na7 (39. Na3 $18 Bd5 40. Bxf5 $1 {[%mdl 512]}) 39... Ba8 $16 40. f3 (40. b5 $16) 40... Rg8 41. Kf2 e4 {[#]} 42. Bd1 ({Better is} 42. Nb5 $1 $16) 42... Nd5 $14 43. Nb5 {Black must now prevent Be2.} (43. Be2 $5 {[%cal Re2c4]} Ke7 44. Rh6 $14) 43... e3+ 44. Kf1 Nf4 (44... Rb8 $1 $11 45. Ba4 Bb7) 45. Rd4 {[%csl LRc4,LRf4]} Nxg2 46. Nd6+ ({White should try} 46. Na3 $14) 46... Ke6 47. Nxc4 {And now Nb6 would win.} Rg3 $1 {[%csl LRf3,LRh3]} 48. Rd8 Bd5 {[%mdl 8192]} (48... Bb7 $11) 49. Rd6+ {Weighted Error Value: White=0.26 (precise) /Black=0.26 (precise)} 1-0

[Event "Romanian Team Rapid Open 2022"]
[Site "Sebes"]
[Date "2022.12.03"]
[Round "8.16"]
[White "Negrean, Andrei"]
[Black "Zubcu, Vlad-George"]
[Result "0-1"]
[WhiteElo "1991"]
[BlackElo "2135"]
[Annotator "TA"]
[PlyCount "38"]
[EventDate "2022.12.03"]
[EventType "rapid"]
[EventCountry "ROU"]
[SourceTitle "playchess.com"]
[Source "ChessBase"]
[SourceQuality "1"]

{[%evp 12,38,16,0,0,-9,-12,-19,0,0,0,0,76,56,90,33,38,14,68,45,44,40,45,32,132,130,171,159,183]} 1. d4 Nf6 2. Nf3 e6 3. g3 b5 4. Bg2 Bb7 5. O-O c5 6. c3 Be7 $1 {6...Be7 is better than 6...Na6.} 7. Bg5 O-O {[#] A46: 1 d4 Nf6 2 Nf3 e6: Torre, London and Colle Systems.} 8. Qd3 $146 {aiming for Bxf6.} ({Predecessor:} 8. e3 cxd4 9. cxd4 d6 10. Qd3 g6 11. Rc1 a6 12. Nc3 Nbd7 13. Nd2 Bxg2 14. Kxg2 Qb6 15. Nde4 {0-1 (39) Eljanov,P (2672)-Andreikin,D (2726) Chess.com INT 2020}) 8... c4 9. Qc2 {Threatens to win with Bxf6.} Be4 {The position is equal.} 10. Qd1 d5 11. Nbd2 Bg6 (11... Nbd7 $11) 12. Ne5 $16 Nbd7 13. Nxg6 ({Better is} 13. Nc6 $16 Qe8 14. a4) 13... hxg6 $14 14. e4 {[%cal Be2e4,Be4e5][%mdl 32]} Rb8 (14... Nxe4 $11 15. Bxe7 Qxe7) 15. e5 Ne8 16. Bxe7 Qxe7 17. b4 cxb3 ({Black should play} 17... a5 $14) 18. axb3 $16 Nb6 19. Qe2 Qd7 {[%mdl 32768] Weighted Error Value: White=0.13 (very precise) /Black=0.36. Loss on time!?} 0-1

[Event "Romanian Team Rapid Open 2022"]
[Site "Sebes"]
[Date "2022.12.03"]
[Round "8.18"]
[White "Daianu, Cristian-Clement"]
[Black "Coicev, Matei-Andrei"]
[Result "1/2-1/2"]
[WhiteElo "2189"]
[BlackElo "2009"]
[Annotator "TA"]
[PlyCount "63"]
[EventDate "2022.12.03"]
[EventType "rapid"]
[EventCountry "ROU"]
[SourceTitle "playchess.com"]
[Source "ChessBase"]
[SourceQuality "1"]

{[%evp 14,63,39,37,37,44,64,54,70,68,113,71,75,83,87,85,95,93,91,91,79,80,98,59,63,17,16,35,29,26,100,85,97,71,140,161,145,75,72,0,0,0,0,-55,-29,-28,-27,-16,0,0,0,-58]} 1. e4 c6 2. d4 d5 3. f3 e6 4. Be3 Nf6 5. e5 Nfd7 6. f4 c5 7. Nf3 Nc6 8. c3 cxd4 {C01: French: Exchange Variation.} 9. cxd4 Qb6 10. Qd2 Bb4 {White is slightly better.} 11. Nc3 {[#]} Ne7 $146 ({Predecessor:} 11... O-O 12. Bd3 f6 13. O-O fxe5 14. fxe5 Na5 15. Bxh7+ Kxh7 16. Ng5+ Kg8 17. Qc2 Rf5 18. Nxd5 Qb5 19. Rxf5 exf5 20. Qxf5 {1-0 (32) Ermolaev,E (2289)-Sharmin,S (1812) Chess.com INT 2020}) 12. Bd3 Qa5 13. O-O Bxc3 14. bxc3 Nb6 15. Qe2 {White is more active.} Bd7 16. Bd2 Nc4 17. Be1 (17. Bxc4 dxc4 18. a4 (18. Qxc4 Bb5 $11) 18... Rc8 $14) 17... Bb5 18. g4 h5 19. h3 (19. gxh5 $14 {should be considered.} Nf5 20. Ng5) 19... hxg4 $11 20. hxg4 {[%cal Bh3g4,Bg4f5,Bf5f6][%mdl 32]} O-O-O 21. Ng5 Rhf8 (21... Rdf8 $11) 22. f5 $16 exf5 23. gxf5 {Hoping for e6.} g6 ({Black should play} 23... Kb8) 24. f6 Nf5 25. e6 (25. Bxf5+ $6 gxf5 26. Rf2 Bd7 $14) (25. Rf3 $142) 25... fxe6 {[#]} 26. Nxe6 ({Inferior is} 26. Qxe6+ Bd7 27. Qe2 Rxf6 $17) (26. f7 $1 $16 Bd7 27. Rf3 (27. Nxe6 Rxf7 28. Nxd8 Qxd8 $11)) 26... Rde8 $11 {Prevents ?nota?.} 27. Nxf8 {aiming for Ne6. Really sharp!} (27. Bxf5 $2 {loses.} gxf5 28. Rxf5 Qb6 $19) 27... Rxe2 28. Bxe2 (28. Nxg6 $11 Be8 29. Bxf5+ Kb8 30. Nf4 (30. Bd3 Re3 $17)) 28... Qd8 {[%csl LRf6,LRf8]} 29. Nh7 Qe8 {[%mdl 1024] [#] Against f7. And now ...Qf7 would win. Black has compensation.} 30. Rf2 Qf7 31. Rh2 Ncd6 {...Bxe2 is the strong threat. Pair of Knights!} 32. Bg4 {Weighted Error Value: White=0.16 (very precise) /Black=0.13 (very precise)} ({White should try} 32. Bxb5 $11 Nxb5 33. Bd2) 1/2-1/2

[Event "Romanian Team Rapid Open 2022"]
[Site "Sebes"]
[Date "2022.12.03"]
[Round "8.19"]
[White "Danila, Tudor-Gabriel"]
[Black "Vrencian, Lehel"]
[Result "0-1"]
[WhiteElo "1939"]
[BlackElo "2226"]
[Annotator "TA"]
[PlyCount "66"]
[EventDate "2022.12.03"]
[EventType "rapid"]
[EventCountry "ROU"]
[SourceTitle "playchess.com"]
[Source "ChessBase"]
[SourceQuality "1"]

{[%evp 16,66,0,0,0,0,0,0,7,0,5,0,0,-4,0,-5,-15,-4,-5,-16,-12,-9,-9,-13,-10,-26,-32,-52,-36,-36,-35,-54,-60,-78,-88,-100,-22,-221,-214,-238,10,-108,-108,-107,-112,-29998,-29997,-29998,-845,-29994,-29995,-29995,-29996]} 1. e4 {[%cal Be2e4,Be4e5][%mdl 32]} c5 2. c3 Nf6 3. e5 Nd5 4. d4 cxd4 5. Nf3 d6 {[%cal Bd7d6,Bd6e5][%mdl 32]} 6. cxd4 Nc6 7. Bc4 dxe5 8. Bxd5 Qxd5 9. Nc3 Qd6 {[%cal Re5d4] B22: Sicilian: 2 c3.} 10. d5 Nd4 (10... e4 11. Nxe4 Qb4+ 12. Nc3 $16) 11. Nxd4 exd4 {The position is equal.} 12. Qxd4 {Black must now prevent Nb5.} e5 $1 13. Qd3 {And now Nb5 would win.} Bd7 14. O-O Qg6 {Prevents f4. Recently 14...Be7 got a lot of attention.} 15. Qe2 Bd6 16. f4 O-O $1 {[%cal Bh8f8,Bf8e8,Be8e5][%mdl 32]} 17. fxe5 Rfe8 18. Bf4 {[#]} Bxe5 $1 {[%mdl 64]} 19. Bxe5 {aiming for d6.} f6 {[#] Prevents d6.} 20. Qc4 $146 {[%cal Oc4c7] Strongly threatening Qc7!} ({Predecessor:} 20. Qf2 Rxe5 21. Rfe1 Rf5 22. Qd4 Rg5 23. Re2 h5 24. Rae1 Rg4 25. Qf2 b6 26. Re7 {½-½ (86) Gochelashvili,D (2393)-Kezin,R (2510) Sochi 2022}) 20... Rxe5 21. d6+ Qf7 (21... Kf8 {is more complex.} 22. Qf4 Bc6 23. Rf2 Rae8) 22. Qd4 Qe6 23. Rfd1 Bc6 24. b4 {[%cal Ob4b5]} ({Much weaker is} 24. d7 Rd8 25. Qf4 Rxd7 26. Rxd7 Bxd7 $17) 24... a6 25. a4 ({Avoid the trap} 25. d7 $2 Rd8 26. Qf4 Rf5 $19) 25... Rd8 (25... Rg5 $17 26. Ra2 Rg4) 26. Rab1 $2 (26. b5 $1 $11 {and White is okay.} Bd7 27. Nd5) 26... Rg5 $19 27. Rb2 {[#]} Qh3 $2 ({Black should play} 27... Bf3 $1 $19 {[%cal Rf3d1]} 28. Rf1 (28. Qb6 $2 Re8 $19) 28... Qh3) 28. Rdd2 (28. Ne4 $11 Bxe4 29. Qxe4) 28... Re8 $17 {Hoping for ...Qf3. Black is more active.} 29. d7 {[#]} Bxd7 $40 {[%mdl 640] ...Bc6 is the strong threat. Black has strong attack. Chess con chili.} 30. Qxd7 {[%mdl 8192] [#]} (30. Ne4 $17 Qf5 31. Qxd7 Qxe4 32. Rd1) (30. Re2 Qf5) 30... Rxg2+ $3 {[%mdl 576]} 31. Rxg2 (31. Kf1 Qf3+) 31... Qxd7 (31... Re1+ $142 32. Kf2 Qe3#) 32. Rbd2 Re1+ 33. Kf2 Qxd2+ {Weighted Error Value: White=0.71/Black=0.38} 0-1

[Event "Romanian Team Rapid Open 2022"]
[Site "Sebes"]
[Date "2022.12.03"]
[Round "8.20"]
[White "Craciun, Sasha-Matei"]
[Black "Mainescu, Andrei-Cristian"]
[Result "1-0"]
[WhiteElo "2001"]
[BlackElo "1860"]
[Annotator "TA"]
[PlyCount "89"]
[EventDate "2022.12.03"]
[EventType "rapid"]
[EventCountry "ROU"]
[SourceTitle "playchess.com"]
[Source "ChessBase"]
[SourceQuality "1"]

{[%evp 9,89,8,30,30,35,29,49,49,50,39,50,32,53,48,95,51,114,27,56,35,106,123,127,107,110,114,102,95,75,33,114,120,110,46,31,0,6,-79,-81,-73,-29,-88,0,-26,0,-13,40,27,192,167,167,167,164,155,261,252,413,340,335,329,314,318,630,598,634,631,629,608,592,519,579,564,720,708,783,756,1670,759,2290,2256,5306,5221]} 1. e4 e5 2. Nf3 Nc6 3. Bb5 Nf6 4. d3 Bc5 5. Nbd2 a6 6. Bxc6 {C65: Ruy Lopez: Berlin Defence (3...Nf6), unusual lines and 4 0-0 Bc5.} dxc6 {[#]} 7. O-O $146 ({Predecessor:} 7. Nc4 Nd7 8. c3 Qe7 9. O-O f6 10. d4 Bd6 11. Nh4 Nb6 12. Nxd6+ cxd6 13. f4 exd4 {1-0 (27) Esipenko,A (2683)-Gaifullin,A (2460) Sochi 2020}) 7... Bd6 8. Nc4 {White is slightly better.} Qe7 9. h3 Nd7 10. c3 f6 11. Nh4 Nf8 (11... g6 $14 {is superior.}) 12. d4 Bd7 ({Black should play} 12... Be6 $1 $14 13. Nf5 Bxf5 14. exf5 O-O-O) 13. a4 (13. Na5 $16) 13... O-O-O 14. Re1 g6 {[#]} ({Black should try} 14... exd4 $14 15. cxd4 Bb4) 15. Nf3 $1 $16 {Strongly threatening dxe5. White has more active pieces.} Be6 {[#]} 16. Nxd6+ Qxd6 17. Qe2 Nd7 18. b4 {[%cal Bb2b4,Bb4b5][%mdl 32]} exd4 19. Nxd4 {b5 is the strong threat.} (19. cxd4 $5 {[%cal Rb4b5]} Qxb4 20. Bf4 $14) 19... Nb6 {[#]} (19... Rhe8 $14) 20. Bf4 $1 {[%mdl 512]} Qd7 21. Nxe6 (21. b5 $16 axb5 22. axb5) 21... Qxe6 $14 22. b5 a5 23. Reb1 (23. Qg4 $11 Qxg4 24. hxg4) 23... Rhe8 $17 24. f3 c5 25. Be3 (25. Qf2 $11) 25... f5 (25... Nc4 $17) 26. Bxc5 fxe4 27. Re1 {[%cal Rf3e4]} Rd5 (27... Nd5 $11) 28. Bd4 (28. fxe4 $2 {is the wrong capture.} Rxc5 29. Kh1 Qe5 $19) 28... Rg5 $2 {Black cannot hold the game after this.} (28... e3 $11) 29. Qxe4 ({Not} 29. fxe4 Qxh3 30. Qf2 Qg4 $11) 29... Qxe4 30. Rxe4 ({Don't take} 30. fxe4 h5 31. e5 Nd5 $16) 30... Rxe4 31. fxe4 $18 {[%cal Bf3e4,Be4e5][%mdl 4128] Endgame KRB-KRN} Nc4 (31... h5 $16 32. Rd1 Nd7) 32. Rf1 Nd6 $2 (32... h5 33. Rf8+ Kd7 34. Rf7+ Kc8) 33. Rf8+ Kd7 34. e5 {Inhibits c6.} Nf5 35. Rf7+ Ke6 $2 (35... Ne7 36. g4 h5) 36. Rxc7 {White is clearly winning.} Nh4 37. g4 h5 38. Rxb7 hxg4 39. hxg4 Rxg4+ 40. Kf2 Rg2+ 41. Ke3 Rg3+ 42. Ke2 Kd5 43. Bf2 (43. b6 $142 Nf5 44. Rd7+ Ke6 45. b7 Nxd4+ 46. Rxd4 Rg2+ 47. Kd3) 43... Rg4 44. b6 Nf5 45. Rd7+ {Weighted Error Value: White=0.22 (precise) /Black=0.47} 1-0

[Event "Romanian Team Rapid Open 2022"]
[Site "Sebes"]
[Date "2022.12.03"]
[Round "8.21"]
[White "Illes, Sandor-Ferenc"]
[Black "Patrascu, Catalin-Lucian"]
[Result "0-1"]
[WhiteElo "1876"]
[BlackElo "2279"]
[Annotator "TA"]
[PlyCount "64"]
[EventDate "2022.12.03"]
[EventType "rapid"]
[EventCountry "ROU"]
[SourceTitle "playchess.com"]
[Source "ChessBase"]
[SourceQuality "1"]

{[%evp 11,64,-6,30,5,22,0,0,0,0,0,52,-123,-119,-133,-124,-145,-131,-134,-135,-161,-149,-223,-125,-126,-121,-150,-140,-179,-174,-199,-176,-182,-180,-179,-144,-168,-170,-168,-171,-213,-189,-196,-177,-188,-191,-874,-874,-29990,-29991,-29991,-1117,-1114,-1100,-5835,-2087]} 1. e4 c5 2. Nf3 e6 3. d4 cxd4 4. Nxd4 Nc6 5. Be3 Nf6 6. Nd2 Qc7 7. Bd3 {B44: Sicilian: Taimanov: 5 Nb5.} a6 8. f4 Nxd4 9. Bxd4 {The position is equal.} Qxf4 10. g3 {Inhibits d6.} Qc7 {[#]} (10... Qg4 $11) 11. Qf3 $146 (11. e5 $14 {was forced to keep a grip.} Bc5 12. c3) ({Predecessor:} 11. e5 Nd5 12. Rf1 d6 13. exd6 Bxd6 14. Nc4 e5 15. Qe2 Be6 16. Nxd6+ Qxd6 17. Bxe5 {0-1 (94) Kirchner,N (2066)-Pranschke,G (1906) Germany 2004}) 11... e5 $17 12. Be3 d6 13. h3 Be6 {Prevents Nc4.} 14. g4 Be7 15. g5 Nd7 16. O-O-O (16. c3 $17 {might work better.}) 16... Rc8 (16... Bxa2 $19 {Threatens to win with ...b5.} 17. b3 Qc3) 17. Kb1 b5 18. h4 Nc5 ({And not} 18... Qa5 19. Nb3 Qc7 20. h5 $15) 19. Rc1 Qa5 {[%csl Ge6][%cal Ra5a2] [#]} 20. Nb3 Qa4 21. h5 Nxd3 $40 {[%mdl 128] White is in trouble.} 22. cxd3 Rxc1+ 23. Nxc1 O-O 24. Qg2 Rc8 25. g6 fxg6 26. hxg6 {[#]} h6 27. b3 Qb4 28. Bxh6 $2 (28. Qh2 Bf8 29. Qb2) 28... gxh6 $19 29. Rxh6 Qe1 {[%csl Gc8][%cal Re1c1]} 30. Qb2 Qxc1+ 31. Qxc1 Rxc1+ 32. Kxc1 Bg5+ {Weighted Error Value: White=0.87/Black=0.26 (precise)} 0-1

[Event "Romanian Team Rapid Open 2022"]
[Site "Sebes"]
[Date "2022.12.03"]
[Round "8.22"]
[White "Creanga, Robert-Ionut"]
[Black "Nagy-Elek, Tamas"]
[Result "1-0"]
[WhiteElo "2190"]
[BlackElo "1976"]
[Annotator "TA"]
[PlyCount "53"]
[EventDate "2022.12.03"]
[EventType "rapid"]
[EventCountry "ROU"]
[SourceTitle "playchess.com"]
[Source "ChessBase"]
[SourceQuality "1"]

{[%evp 17,53,3,29,-14,-15,-11,-12,-2,14,-45,8,0,0,-17,-11,-10,-19,-6,35,0,5,3,76,78,90,50,83,90,85,75,662,649,1328,1316,1312,1303,1264,1277]} 1. d4 d5 2. c4 c6 3. Nc3 Nf6 4. e3 e6 5. Nf3 Nbd7 6. Bd3 dxc4 7. Bxc4 b5 8. Bd3 Bd6 9. O-O O-O 10. Bd2 {D47: Semi-Slav: Meran System.} Bb7 11. Rc1 Rc8 12. Qe2 {The position is equal.} a6 {[#]} 13. e4 $146 ({White should try} 13. a4 $11) ({Predecessor:} 13. a4 e5 14. Ne4 Nxe4 15. Bxe4 f5 16. Bb1 e4 17. Ne1 Qh4 18. f4 Kh8 19. axb5 cxb5 20. Rxc8 Rxc8 {0-1 (40) Niraula,N (2016)-Murshed,N (2460) Dhaka 2013}) 13... e5 (13... c5 $1 $15) 14. dxe5 Nxe5 15. Nxe5 Bxe5 16. f4 Bd4+ 17. Kh1 $1 b4 {Prevents e5.} (17... c5 {looks sharper.} 18. e5 Re8 19. Be3 Qd7) 18. Nd1 {[%cal Bc3d1,Bd1e3,Be3f5][%mdl 32] aiming for e5.} c5 {[%cal Ob7e4]} 19. e5 Re8 (19... Nd5 $1 $11 {keeps the balance.}) 20. Ne3 $36 {[%mdl 2048] White is really pushing.} Ne4 21. Be1 {[%cal Bd2e1,Be1f2,Bf2g1,Bg1d4][%mdl 32] Hoping for Nf5.} Nd6 22. Bf2 Ne4 {[#]} 23. Bg1 $1 {Black must now prevent Nf5.} Qh4 $2 {[%mdl 8192] This move loses the game for Black.} (23... Bxe3 $16 24. Bxe3 (24. Qxe3 f5 $14) 24... a5) 24. Nf5 $18 {White is clearly winning.} (24. Bxa6 $2 Ng3#) 24... Qh3 25. Bxe4 (25. gxh3 $2 Ng3#) ({Weaker is} 25. Ne7+ Rxe7 26. Bxe4 Qe6 $16) 25... Bxe4 26. Qxe4 Qg4 27. Bxd4 {Weighted Error Value: White=0.16 (very precise) /Black=0.51} 1-0